000 00311nam a22001337a 4500
008 170419b xxu||||| |||| 00| 0 eng d
020 _a9780716766469
041 _aeng
080 _a573
100 _a11
101 _aSHM
245 _aA STUDENT HANDBOOK FOR WRITING IN BIOLOGY
_cKNISELY, K
942 _2udc
_cBK
999 _c11237
_d11237